Los fundamentos metafísicos del orden moral

Enregistré dans:
Détails bibliographiques
Auteur principal: Derisi, Octavio Nicolás (autor)
Format: Livre
Langue:espagnol
Publié: Buenos Aires Universidad de Buenos Aires 1941
Collection:Monografías Universitarias, 7
Sujets:
Tags: Ajouter un tag
Pas de tags, Soyez le premier à ajouter un tag!

MARC

LEADER 00000nam a2200000 a 4500
001 UCT7294
003 CL-VaPUC
008 970117e19410000AG |||||||||||||||||spa|d
082 0 4 |a 171  |b DER  |2 21 
100 |a Derisi, Octavio Nicolás  |e autor  |9 378207 
245 1 4 |a Los fundamentos metafísicos del orden moral 
300 |a 421 p 
942 |c BK 
945 |d 19970117 00:00:00  |a rbrito 
260 |a Buenos Aires  |b Universidad de Buenos Aires  |c 1941 
650 0 |a Ética  |9 255099 
650 0 |a Valores morales   |9 310604 
650 0 |a Ontología   |9 256850 
650 0 |a Libertad  |9 255686 
650 0 |a Personalidad   |9 307255 
650 0 |a Cultura  |9 269059 
650 0 |a Conciencia  |9 309452 
650 0 |a Derecho natural   |9 255041 
583 |a last modification  |c 19970117 00:00:00  |k Rodrigo Vera 
490 0 |a Monografías Universitarias, 7 
999 |c 255926  |d 255924 
952 |0 0  |1 2  |4 0  |6 171_000000000000000_DER_1941  |7 0  |8 A  |9 278419  |a BIBTEO  |b BIBTEO  |d 2019-11-19  |i 2010461  |o 171 DER 1941  |p 2010461  |r 2019-11-19  |w 2019-11-19  |x Descarte 2019  |y BK  |k ICR